| 000 | 00536nam a2200157 4500 | ||
|---|---|---|---|
| 001 | 107742 | ||
| 003 | ES-MaACL | ||
| 005 | 20230906184500.0 | ||
| 007 | t| | ||
| 008 | 061121s1954 sp r ||||1| spa d | ||
| 100 | 1 |
_aMoreno Briz, Joaquín. _983334 |
|
| 245 | 1 | 0 |
_aTablas de jornales _b: adaptadas a las industrias de la construcción y obras públicas, zona especial 1ª, 2ª y 3ª / _cpor Joaquín Moreno Briz. |
| 260 |
_aMadrid : _b[s.n.], _c1954 ( _fExcelsior) |
||
| 300 |
_a24 p. ; _c25. |
||
| 852 |
_aES-MaACL _j1962-F-12 _bR.36047 |
||
| 999 |
_c107742 _d107742 |
||